Lake by Satellite Image - Statistics

General Stats
  • This quiz has been taken 8 times
  • The average score is 6 of 16
Answer Stats
Picture Answer % Correct
Lake Baikal
75%
Lake Victoria
75%
Lake Malawi
63%
Lake Ontario
63%
Lake Geneva
50%
Great Slave Lake
38%
Lake Balkhash
38%
Lake Titicaca
38%
Lake Winnipeg
38%
Great Salt Lake
25%
Lake Como
25%
Lake Eyre
13%
Lake Tahoe
13%
Lake Volta
13%
Lake Constance
0%
Lake Qinghai
0%
No matching quizzes found
Score Distribution
Percent of People with Each Score
Percentile by Number Answered
Your Score History
You have not taken this quiz